000 00309nam a2200121Ia 4500
008 190216s9999||||xx |||||||||||||| ||und||
100 _aSanthosh T Brindavanam
245 0 _aGarba Dharanam Muthal Shishu Paricharanam Vare
260 _bAvanthi Kottayam
300 _a164
650 _aMalayalam
942 _cREF
999 _c36794
_d36794